| 000 | 00424nam a2200181Ia 4500 | ||
|---|---|---|---|
| 999 |
_c13844 _d13844 |
||
| 003 | 0100 | ||
| 005 | 20190715124531.0 | ||
| 008 | 130303s9999 xx 000 0 und d | ||
| 020 | _a415093015 | ||
| 040 | _cARRUPELIB | ||
| 050 | _aHB126.3.B33 1994 | ||
| 100 |
_aBaeck, Louis _946654 |
||
| 245 | 4 | _aThe Mediterranean traditon in economic thought | |
| 260 |
_aLondon _bRoutledge _c1994 |
||
| 300 | _aix | ||
| 300 | _b 241p. 25cm. | ||
| 650 |
_aCivilisation, Arab _946655 _xGreek influences |
||
| 942 |
_2lcc _cMONOGRAPH |
||